El Derecho a la vida y el sujeto femenino /
Wedi'i Gadw mewn:
| Prif Awdur: | |
|---|---|
| Fformat: | Texto |
| Pynciau: | |
| Tagiau: |
Ychwanegu Tag
Dim Tagiau, Byddwch y cyntaf i dagio'r cofnod hwn!
|
MARC
| LEADER | 00000 a a2200000 04500 | ||
|---|---|---|---|
| 001 | 11962 | ||
| 003 | |||
| 040 | |||
| 100 | |a Vuola, Elina | ||
| 245 | |a El Derecho a la vida y el sujeto femenino / |c Elina Vuola | ||
| 650 | |a MUJERES | ||
| 650 | |a DERECHOS HUMANOS | ||
| 650 | |a DERECHOS REPRODUCTIVOS | ||
| 650 | |a TEOLOGIA | ||
| 773 | |g número 88; páginas 1-12 | ||
| 999 | |c 39053 |d 39053 | ||
| 773 | 0 | |0 41641 |9 2545 |a Departamento Ecuménico de Investigaciones (DEI) |d San José, Costa Rica Departamento Ecuménico de Investigaciones (DEI) |o 20161 |t Pasos / | |
